000 00698nam a2200289Ia 4500
005 20260324130201.0
008 008 260324s9999 xx 000 0 eng d
020 _a9780203018200
037 _aEBOOK
040 _aCRL
040 _beng
040 _cCRL
041 _2eng
041 _aeng
084 _qCRL
100 _aBrent J. Steele
_91167078
245 0 _aOntological Security in International Relations
245 0 _bSelf-Identity and the IR State
260 _bTaylor and Francis
260 _c2008
365 _a
365 _b265
856 _uhttp://www.taylorfrancis.com/books/9780203018200
942 _cEBOOK
999 _c1776766
_d1776766